LEADER 01178nam--2200373---450- 001 990002902450203316 005 20070413105806.0 010 $a88-13-27493-9 035 $a000290245 035 $aUSA01000290245 035 $a(ALEPH)000290245USA01 035 $a000290245 100 $a20070413d2006----km-y0itay0103----ba 101 $aita 102 $aIT 105 $a||||||||001yy 200 1 $aProfili istituzionali del diritto privato$epersona e famiglia, successioni, diritti reali$eAppendice di aggiornamento 2006$fGuido Alpa, Paolo Gaggero 210 $aPadova$cCedam$dcopyr. 2006 215 $aVI, 65 p.$d24 cm. 606 0 $aDiritto privato$yItalia 606 0 $aFamiglia$xDiritto$yItalia 606 0 $aSuccessioni$xLegislazione 676 $a346.45 700 1$aALPA,$bGuido$08875 701 1$aGAGGERO,$bPaolo$0241086 801 0$aIT$bsalbc$gISBD 912 $a990002902450203316 951 $aIG I 2364 APP$b53848 g.$cIG I$d00129847 959 $aBK 969 $aGIU 979 $aCAPORASO$b90$c20070413$lUSA01$h1055 979 $aCAPORASO$b90$c20070413$lUSA01$h1058 996 $aProfili istituzionali del diritto privato$9989215 997 $aUNISA LEADER 01625nam0 22003973i 450 001 TSA1648485 005 20231121125849.0 010 $a9788884351333 100 $a20211104d2019 ||||0itac50 ba 101 | $aita$adan$aeng$ceng$cdan$cita 102 $ait 181 1$6z01$ai $bxxxe 182 1$6z01$an 200 1 $a˜The œGreat Cold$eContemporary Artists from Greenland$f[testi di Luciano Benetton ... et al.] 210 $aCrocetta del Montello$cAntiga$d2019 215 $a253 p.$cill.$d21 x 22 cm 225 | $aImago mundi$eLuciano Benetton Collection 300 $aTesto anche in inglese, danese e italiano 300 $aIn copertina: Fabrica 410 0$1001LIG0217332$12001 $aImago mundi$eLuciano Benetton Collection 500 11$a˜The œGreat Cold$3RAV2140765$93639314 606 $aArte$xGroenlandia$xSec. 21.$2FIR$3RMLC468245$9N 606 $aInuit$xArte$xSec. 21.$2FIR$3RMLC468237$9N 606 $aFondazione Benetton Studi Ricerche$xImago mundi$xCataloghi$2FIR$3RMLC465512$9N 676 $a709.7$9Belle arti e arti decorative. Stati Uniti e Nordamerica.$v22 702 1$aBenetton$b, Luciano$3LO1V027095$4080 702 1$aMabellini$b, Guja$3MILV346995$4340 702 1$aKriegel$b, Ivaaq$3RMLV242031$4340 801 3$aIT$bIT-01$c20211104 850 $aIT-FR0017 899 $aBiblioteca umanistica Giorgio Aprea$bFR0017 $eN 912 $aTSA1648485 950 0$aBiblioteca umanistica Giorgio Aprea$d 52DFB N.A.Groe.$e 52DUP0009058045 VMN RS $fA $h20211116$i20211116 977 $a 52 996 $aGreat Cold$93639314 997 $aUNICAS